| 000 | 00385nam a2200145Ia 4500 | ||
|---|---|---|---|
| 008 | 230917s9999||||xx |||||||||||||| ||und|| | ||
| 040 |
_e45913 _aMAIN |
||
| 041 | _aEnglish | ||
| 082 | _a821.7 T258B:T | ||
| 100 | _aBuckley, Jerome Hamilton | ||
| 245 | 0 | _aTennyson: The growth of a poet | |
| 260 |
_aCambridge _bHarvard University Press _c1974 |
||
| 300 | _axii, 298 p. | ||
| 942 | _cBK | ||
| 999 |
_c152374 _d152374 |
||